Normal view MARC view
  • Professor Group Captain Khalid Pervez (Supervisor )

Entry Personal Name

Number of records used in: 2

001 - CONTROL NUMBER

  • control field: 14852

003 - CONTROL NUMBER IDENTIFIER

  • control field: NUST

005 - DATE AND TIME OF LATEST TRANSACTION

  • control field: 20190614104040.0

008 - FIXED-LENGTH DATA ELEMENTS

  • fixed length control field: 190614|| aca||aabn | a|a d

040 ## - CATALOGING SOURCE

  • Original cataloging agency: NUST
  • Transcribing agency: NUST

100 ## - HEADING--PERSONAL NAME

  • Personal name: Professor Group Captain Khalid Pervez (Supervisor )

670 ## - SOURCE DATA FOUND

  • Source citation: Work cat.: (NUST): Raja Inam -Ul -Haq 14851, MS Thesis: Study of Aerodynamics Aspects in Airframe - Engine Integration , 2003
© 2023 Central Library, National University of Sciences and Technology. All Rights Reserved.